Welcome to CU Library Online Public Access Catalogue (OPAC)

Neuroanatomy : (Record no. 2240)

MARC details
000 -LEADER
fixed length control field 01026cam a22002534a 4500
001 - CONTROL NUMBER
control field 12953706
005 - DATE AND TIME OF LATEST TRANSACTION
control field 20241214162837.0
008 - FIXED-LENGTH DATA ELEMENTS--GENERAL INFORMATION
fixed length control field 021001s2003 nyua b 001 0 eng
020 ## - INTERNATIONAL STANDARD BOOK NUMBER
International Standard Book Number 9780071381833
050 00 - LIBRARY OF CONGRESS CALL NUMBER
Classification number QM451
Item number .M27 2003
082 00 - DEWEY DECIMAL CLASSIFICATION NUMBER
Classification number 611/.8
Edition information 21
100 1# - MAIN ENTRY--PERSONAL NAME
Personal name Martin, John H.
Fuller form of name (John Harry),
Dates associated with a name 1951-
245 10 - TITLE STATEMENT
Title Neuroanatomy :
Remainder of title text and atlas /
Statement of responsibility, etc. John H. Martin ; medical photography by Howard J. Radzyner ; illustrated by Michael E. Leonard.
250 ## - EDITION STATEMENT
Edition statement 3rd ed.
260 ## - PUBLICATION, DISTRIBUTION, ETC.
Place of publication, distribution, etc. New York, N.Y. :
Name of publisher, distributor, etc. McGraw-Hill,
Date of publication, distribution, etc. c2003.
300 ## - PHYSICAL DESCRIPTION
Extent xxiv, 532 p. :
Other physical details ill. ;
Dimensions 28 cm.
650 #0 - SUBJECT ADDED ENTRY--TOPICAL TERM
Topical term or geographic name entry element Neuroanatomy.
650 #0 - SUBJECT ADDED ENTRY--TOPICAL TERM
Topical term or geographic name entry element Neuroanatomy
Form subdivision Atlases.
650 12 - SUBJECT ADDED ENTRY--TOPICAL TERM
Topical term or geographic name entry element Central Nervous System
General subdivision anatomy & histology.
650 22 - SUBJECT ADDED ENTRY--TOPICAL TERM
Topical term or geographic name entry element Central Nervous System
General subdivision anatomy & histology
Form subdivision Atlases.
856 42 - ELECTRONIC LOCATION AND ACCESS
Materials specified Publisher description
Uniform Resource Identifier <a href="http://www.loc.gov/catdir/description/mh031/2002035061.html">http://www.loc.gov/catdir/description/mh031/2002035061.html</a>
856 42 - ELECTRONIC LOCATION AND ACCESS
Materials specified Contributor biographical information
Uniform Resource Identifier <a href="http://www.loc.gov/catdir/enhancements/fy0739/2002035061-b.html">http://www.loc.gov/catdir/enhancements/fy0739/2002035061-b.html</a>
942 ## - ADDED ENTRY ELEMENTS (KOHA)
Source of classification or shelving scheme Library of Congress Classification
Koha item type Books
Edition 3rd ed.
Suppress in OPAC No
999 ## -
-- 2240
-- 2240
Holdings
Withdrawn status Lost status Source of classification or shelving scheme Damaged status Not for loan Collection Home library Current library Shelving location Date acquired Total checkouts Full call number Barcode Date last seen Copy number Price effective from Koha item type
    Library of Congress Classification     Non-fiction Science Library (Miotso) Science Library (Miotso) General stacks 12/14/2024   QM451 .M27 MAR SLM00001476 12/14/2024 1 12/14/2024 Books
© 2023-2024 Copyright: Central University Libraries. All Rights Reserved | Created by: Mahone Tech Office